00305nam a2200121Ia 4500003000400000005001700004008004100021020001500062040001000077100001900087245006600106260001100172OSt20231226045123.0170523s9999 xx 000 0 und d a0070601410 cIIMTU aClark- Cory L. 0aLab View Digital Signal Processing and Digital Communications aT.M.H.